000 00937nac a22003017a 4500
001 BR7701814
003 BR-BrBNA
005 20240105114034.0
008 230509b bl.|||m| |||| 00| 0 por d
040 _aBR-BrBNA
_bpor
_cBiblioteca Nacional de Agricultura
072 _aM00; M10
090 _a8100 BR7701814
110 1 _aPrograma de Pesquisa e Desenvolvimento Pesqueiro do Brasil, Brasilia, DF
_97975
245 1 _aNavio de pesquisa Mestre Jeronimo. Mapas de bordo [Sul; Brasil]
260 3 _aBrasilia, DF (Brasil):
_c1977.
300 _a19 p.
490 _aNavio de Pesquisa Mestre Jeronimo. Mapas de Bordo (Brazil)
_vno. 9
_x
500 _a14 tables; Summaries (En, Pt)
650 _aPesca
650 _aProducao pesqueira
650 _aLula
650 _aPeixe
650 _aCaptura
650 _aPesquisa pesqueira
650 _aSul
909 _a202312
_bLúcia Elande
_c55
_dLúcia Elande
942 _2AGRIS
_n0
_cMS
999 _c267043
_d267043